000 00628nam a2200229Ia 4500
005 20260320201837.0
008 008 262003s9999 xx 000 0 eng d
037 _aEBOOK
040 _aCRL
040 _beng
040 _cCRL
041 _2eng
041 _aeng
084 _qCRL
100 _aKhan
245 0 _aEmbracing Microservices Design: A practical guide to revealing anti-patterns and architectural pitfalls to avoid microservices fallacies
260 _bIEEE
856 _uhttps://ieeexplore.ieee.org/servlet/opac?bknumber=10162228
942 _cEBOOK
999 _c1723853
_d1723853